000 00699nam a2200217 a 4500
001 21533
003 CO-ViMGA
008 141112s2004 ck r 000 u spa d
020 _a8426129331
040 _aCO-ViMGA
_bspa
_cCO-ViMGA
082 0 4 _aBUTe
100 1 _aButterworth, Nick
_930747
245 1 0 _aCuando es hora de ir a la cama
260 _aBarcelona :
_bJuventud,
_c2002
300 _a12
590 _aForma de adquisición : Donación fact. 8851 - - Precio : 23600 - - Proveedor : Fundación exito - - Fecha de adquisición : Junio 2007
650 1 4 _aALBUMES INFANTILES
_92002
650 1 4 _aENSEÑANZA VISUAL
_930748
650 1 4 _aLIBROS ILUSTRADOS PARA NIÑOS
_92001
942 _2ddc
_cBK
999 _c30119
_d30119